000 00481nam a2200157 i 4500
001 141417
003 ES-MaACL
005 20230906200305.0
007 t|
008 070924s1916 mx ||||1| spa d
100 1 _aVillaseñor, Roberto.
_9115160
245 1 3 _aEl separatismo en Yucatán
_b: novela histórico-política /
_cRoberto Villaseñor.
260 _aMéxico :
_b[s.n.],
_c1916 (
_fManuel L. Sánchez)
651 4 _aMéxico-
_xHistoria.
_99062
852 _aES-MaACL
_jF-3160
999 _c141417
_d141417